Montaje y mejoramiento de la eficiencia de la planta de producción de hipoclorito de sodio en Hercasa.
Para la mejora eficiencia en la producción de hipoclorito de Sodio en Hércules de Centro América Siciedad Anónima(HERCASA) con el estudio sobre los diferentes métodos de obtención de ese producto.
| Main Author: | |
|---|---|
| Other Authors: | |
| Format: | Tesis Section = Libro |
| Language: | Undetermined Spanish |
| Published: |
Managua
UNI
1994
|
| Subjects: |
| LEADER | 00927nam a2200229Ia 4500 | ||
|---|---|---|---|
| 008 | 240830s9999 xx 000 0 und d | ||
| 040 | |a CEDOC DACA-RUSB / Mon 660 V137 | ||
| 041 | |a spa | ||
| 082 | |a Mon 660 V137 | ||
| 100 | 1 | |a Velásquez Reynosa, Marlon José. | |
| 245 | 1 | 0 | |a Montaje y mejoramiento de la eficiencia de la planta de producción de hipoclorito de sodio en Hercasa. |
| 260 | |a Managua |b UNI |c 1994 | ||
| 300 | |a 63 p. :il | ||
| 502 | |a Tesis (Ingeniero Químico) -UNI, 1994. | ||
| 520 | 3 | |a Para la mejora eficiencia en la producción de hipoclorito de Sodio en Hércules de Centro América Siciedad Anónima(HERCASA) con el estudio sobre los diferentes métodos de obtención de ese producto. | |
| 650 | 7 | |a QUIMICA INDUSTRIAL | |
| 650 | 7 | |b PROCESOS - HIPOCLORITOS | |
| 650 | 7 | |c CONTROL DE PROCESOS QUIMICOS | |
| 700 | 1 | |a Tutor: |b Downing, Jaime. | |
| 942 | |c BK |2 ddc | ||
| 991 | |a TESIS | ||
| 999 | |c 25958 | ||